000 00301nam a22001217a 4500
008 170228b xxu||||| |||| 00| 0 eng d
041 _aeng
080 _a616.8-006
100 _a6
101 _aSHM
245 _aNEUROIMMUNOMODULATION: INTERVENTIONS IN AGING AND CANCER
_cPIERPAOLI, W
942 _2udc
_cBK
999 _c6425
_d6425